| LEADER | 00481nam a2200193Ia 4500 | ||
|---|---|---|---|
| 001 | CTU_92555 | ||
| 008 | 210402s9999 xx 000 0 und d | ||
| 082 | |a 915.4 | ||
| 082 | |b L218 | ||
| 100 | |a Lamb, Beatrice Pitney | ||
| 245 | 0 | |a India : | |
| 245 | 2 | |b a world in transition | |
| 245 | 0 | |c Beatrice Pitney Lamb | |
| 260 | |a New York | ||
| 260 | |b Praeger | ||
| 260 | |c 1963 | ||
| 650 | |a India | ||
| 904 | |i Nguyên | ||
| 980 | |a Trung tâm Học liệu Trường Đại học Cần Thơ | ||